| 000 | 00646nam a22002297a 4500 | ||
|---|---|---|---|
| 005 | 20170124110109.0 | ||
| 010 | _a236702 | ||
| 020 | _c00.00 | ||
| 035 | _a236702 | ||
| 037 | _bCen Lib/Ret | ||
| 040 |
_aDPL _bEN |
||
| 082 |
_aN _bSUT |
||
| 100 |
_aSutcliff, Rosemary _928733 |
||
| 245 |
_aBrother dusty-feet / _cby Roseymary Sutcliff; illustrated by C. walter Hodges |
||
| 260 |
_aLondon _bOxford University Press _c1961 |
||
| 270 |
_aAmen House _bLondon |
||
| 300 |
_avii, 231p. ; _c19cm(Hb) _bill. |
||
| 650 |
_aliterature _96262 |
||
| 650 |
_aNovels _913976 |
||
| 700 |
_aHodges, C. Walter _928734 |
||
| 942 |
_2ddc _cEN _hN _mSUT |
||
| 999 |
_c130262 _d130262 |
||